[Event "Staufer op 25th"]
[Site "Schwaebisch Gmuend"]
[Date "2013.01.04"]
[Round "5"]
[White "Smolny, Frieder"]
[Black "Wanzek, Alexander"]
[Result "1/2-1/2"]
[WhiteElo "2169"]
[BlackElo "2048"]
[PlyCount "31"]
[EventDate "2013.01.02"]
[EventType "swiss"]
[EventRounds "9"]
[EventCountry "GER"]
[SourceTitle "CBM 152 Extra"]
[Source "ChessBase"]
[SourceDate "2013.02.25"]
[SourceVersion "1"]
[SourceVersionDate "2013.02.25"]
[SourceQuality "1"]

1. Nf3 c5 2. c4 Nf6 3. g3 g6 4. Bg2 Bg7 5. 0-0 Nc6 6. d4 cxd4 7. Nxd4 0-0 8. Nc3 Nxd4 9. Qxd4 d6 10. Qd3 Nd7 11. b3 Nc5 12. Qc2 Bf5 13. e4 Nxe4 14. Bxe4 Bxe4 15. Qxe4 Bxc3 16. Rb1 1/2-1/2

[Event "Staufer op 25th"]
[Site "Schwaebisch Gmuend"]
[Date "2013.01.02"]
[Round "2"]
[White "Wanzek, Alexander"]
[Black "Starostits, Ilmars"]
[Result "0-1"]
[WhiteElo "2048"]
[BlackElo "2468"]
[PlyCount "80"]
[EventDate "2013.01.02"]
[EventType "swiss"]
[EventRounds "9"]
[EventCountry "GER"]
[SourceTitle "CBM 152 Extra"]
[Source "ChessBase"]
[SourceDate "2013.02.25"]
[SourceVersion "1"]
[SourceVersionDate "2013.02.25"]
[SourceQuality "1"]

1. e4 c6 2. d4 d5 3. e5 Bf5 4. Ne2 e6 5. Ng3 Bg6 6. Nd2 c5 7. c3 Nc6 8. Nf3 Qb6 9. a3 Nge7 10. Bd3 cxd4 11. cxd4 Na5 12. b4 Nc4 13. 0-0 Rc8 14. Bxg6 hxg6 15. Ng5 Nc6 16. Ne2 Be7 17. Qd3 a6 18. Rd1 Bxg5 19. Bxg5 Nb2 20. Qf3 Nxd1 21. Rxd1 a5 22. bxa5 Nxa5 23. h4 Qb2 24. g4 Rc2 25. Kf1 Nc4 26. h5 gxh5 27. gxh5 Rxe2 28. Qxe2 Qxe2+ 29. Kxe2 Rxh5 30. Bc1 Kd7 31. Rd3 Kc6 32. Rf3 Rf5 33. Rh3 Kb5 34. f4 Ka4 35. Rh8 Kb3 36. Rh3+ Kc2 37. Rh1 g6 38. Be3 Rh5 39. Rf1 Nxe3 40. Kxe3 Rh3+ 0-1